000 00305nam a22001337a 4500
008 170929b xxu||||| |||| 00| 0 eng d
020 _a0801409799
041 _aeng
080 _a37
100 _a47
101 _aEDU
245 _aLANGUAGE CIUNTER MEMORY PRACTICE
_cBOUCHARD.D.F
942 _2udc
_cBK
999 _c30740
_d30740